000 nam a22 7a 4500
999 _c128761
_d128761
008 190110b xxu||||| |||| 00| 0 eng d
050 _aSPC. DS66.M284
100 _aMarek, Kurt W.
_943952
245 _aNarrow pass, black mountain
_bthe discovery of the Hittite Empire
_cKurt W. Marek and C.W. Ceram
260 _aLondon
_bSidwick and Jackson Limited
_c1956
300 _axix, 284p. ;
_c22cm.
650 _aHittite
_943953
700 _aCeram, CW
_943991
700 _aWinston, Richard
_etr.
_943992
700 _aWinston, Clara
_etr.
_943993
942 _2lcc
_cSPC